Statistics for Quiz About Me

Click here to take the quiz!

General Stats

  • This quiz has been taken 14 times
    (5 since last reset)
  • The average score is 4 of 7

Answer Stats

QuestionAnswer% Correct
What planet am I from?? (according to my public profile)Mars
100%
Who is my kinda friend that I mentioned in the blog of RedLightning quitting?AbbyLW10
80%
What's the name of my buddy who is also a LEGEND?TheFruitLegend
80%
How many badges do I have? (currently when this quiz was made)25
60%
My real name in my public profile (No peaking) I am watchingAlien
60%
How much do I play per day? (You can find out in one of my recent comments)5 hours and 30 minutes
0%
My most popular series in English (currently when this quiz was made)Fast typing Letters and Words
0%

Score Distribution

Percentile by Number Answered

Percent of People with Each Score

Your Score History

You have not taken this quiz since the last reset